| 000 | 00000nas 2200000zi 4500 |
| 001 | 9.820558 |
| 003 | CaOODSP |
| 005 | 20240412142549 |
| 006 | m go d f |
| 007 | cr ||||||||||| |
| 008 | 160707c20039999onc x m o f000#|0eng|d |
| 040 | |aCaOODSP|beng|erda|cCaOODSP |
| 043 | |an-cn--- |
| 086 | 1 |aD68-4E-PDF |
| 130 | 0 |aTechnical report (Defence R&D Canada) |
| 245 | 10|aTechnical report / |cDefence Research & Development. |
| 264 | 1|a[Ottawa] : |bDefence Research and Development Canada = Recherche et développement pour la défense Canada, |c2003?- |
| 310 | |aIrregular |
| 336 | |atext|btxt|2rdacontent |
| 337 | |acomputer|bc|2rdamedia |
| 338 | |aonline resource|bcr|2rdacarrier |
| 500 | |aIssued also in French under title: Rapport technique. |
| 650 | 0|aMilitary research|zCanada. |
| 710 | 2 |aDefence R&D Canada, |eissuing body. |
| 775 | 08|tRapport technique / |w(CaOODSP)9.878009 |